[Event "Lichtenberger Sommer 2016"]
[Site "?"]
[Date "2016.08.19"]
[Round "7.56"]
[White "Prix, Siegfried"]
[Black "Bladt, Johannes"]
[Result "0-1"]
[WhiteElo "1726"]
[BlackElo "1874"]
[PlyCount "118"]
[EventDate "2016.??.??"]
[WhiteTeam "SF 1903 Berlin"]
[BlackTeam "SK Singen"]

1. d4 f5 2. g3 Nf6 3. Bg2 g6 4. Nf3 Bg7 5. O-O O-O 6. c4 d6 7. Nc3 Qe8 8. Qb3
e5 9. dxe5 dxe5 10. Bg5 e4 11. Nd4 Na6 12. c5+ Kh8 13. Qc4 c6 14. Bf4 Rf7 15.
Rad1 Nc7 16. Rd2 Ne6 17. Bd6 Nxd4 18. Qxd4 Be6 19. Qa4 Rd7 20. Rfd1 Qf7 21. Be5
Nd5 22. Bxg7+ Qxg7 23. Nxd5 Bxd5 24. Qd4 Rad8 25. e3 Kg8 26. Bf1 Qxd4 27. Rxd4
Kf7 28. Bc4 Ke6 29. Bxd5+ Rxd5 30. Kf1 Rxd4 31. exd4 b6 32. b4 bxc5 33. bxc5
Rb8 34. Rd2 Kd5 35. Ke2 a5 36. Kd1 Rb4 37. Kc2 Rxd4 38. Re2 Kxc5 39. Re3 a4 40.
h4 Kb5 41. a3 c5 42. Kc3 Rc4+ 43. Kd2 Kc6 44. f3 Rd4+ 45. Kc2 Rd3 46. Rxd3
exd3+ 47. Kxd3 Kd5 48. Kc3 h6 49. Kd3 c4+ 50. Kc3 Kc5 51. Kc2 Kd4 52. g4 f4 53.
g5 h5 54. Kd2 c3+ 55. Kc2 Kc4 56. Kc1 Kd3 57. Kd1 Ke3 58. Kc2 Kxf3 59. Kxc3 Ke3
0-1

[Event "Lichtenberger Sommer 2016"]
[Site "?"]
[Date "2016.08.19"]
[Round "7.57"]
[White "Muskewitz, Bernd"]
[Black "Udet, Fabian"]
[Result "1/2-1/2"]
[WhiteElo "1951"]
[BlackElo "1663"]
[PlyCount "60"]
[EventDate "2016.??.??"]
[WhiteTeam "SV Mattnetz Berlin"]
[BlackTeam "1. SC Anhalt"]

1. e4 c5 2. Nf3 e6 3. c3 d5 4. exd5 Qxd5 5. d4 Nc6 6. Na3 Nf6 7. Nb5 Qd8 8. Bg5
a6 9. Bxf6 gxf6 10. Na3 cxd4 11. Nxd4 Nxd4 12. Qxd4 Qxd4 13. cxd4 Bb4+ 14. Ke2
b5 15. Nc2 Ba5 16. g3 Bb7 17. Rg1 Rc8 18. Ne3 Ke7 19. Bg2 Bxg2 20. Rxg2 Rhd8
21. Rd1 Bb6 22. d5 Bxe3 23. fxe3 Rc2+ 24. Kf3 Rxg2 25. Kxg2 Rxd5 26. Rxd5 exd5
27. Kf3 f5 28. Kf4 Kf6 29. b4 h5 30. h4 Ke6 1/2-1/2

[Event "Lichtenberger Sommer 2016"]
[Site "?"]
[Date "2016.08.19"]
[Round "7.58"]
[White "Freimuth, Dominik Stefan"]
[Black "Andresen, Klaus"]
[Result "1/2-1/2"]
[WhiteElo "1838"]
[BlackElo "1559"]
[PlyCount "101"]
[EventDate "2016.??.??"]
[WhiteTeam "SF Birkenfeld"]
[BlackTeam "Niendorfer TSV"]

1. e4 c5 2. Nc3 a6 3. f4 e6 4. Nf3 b5 5. g3 Bb7 6. d3 d5 7. exd5 exd5 8. d4 Nc6
9. Bg2 cxd4 10. Nxd4 Bc5 11. Nxc6 Bxc6 12. Bxd5 Qc7 13. Bxc6+ Qxc6 14. Qd5 Qxd5
15. Nxd5 O-O-O 16. Nc3 Nf6 17. h3 Rhe8+ 18. Ne2 Ne4 19. g4 Nf2 20. Be3 Rxe3 21.
Kxf2 Rd2 22. Rhe1 Rexe2+ 23. Kf3 Rf2+ 24. Ke4 Rd4+ 25. Ke5 f6+ 26. Ke6 Rd6+ 27.
Kf7 Rd7+ 28. Kg8 g6 29. a4 b4 30. c3 bxc3 31. bxc3 Rb2 32. f5 gxf5 33. gxf5
Rg2+ 34. Kh8 Rd8+ 35. Kxh7 Rdg8 36. Re6 R8g5 37. Rc6+ Kd7 38. Rxc5 Kd6 39. Ra5
Rg7+ 40. Kh6 Rg8 41. Rxa6+ Ke5 42. Re1+ Kf4 43. Rf1+ Ke5 44. Ra7 R2g3 45. Re7+
Kd6 46. Re6+ Kd5 47. Kh7 R8g7+ 48. Kh6 Rg8 49. Kh7 R8g7+ 50. Kh8 Rg8+ 51. Kh7
1/2-1/2

[Event "Lichtenberger Sommer 2016"]
[Site "?"]
[Date "2016.08.19"]
[Round "7.59"]
[White "Baranowsky, Peter"]
[Black "Reck, Jessica"]
[Result "1/2-1/2"]
[WhiteElo "1923"]
[BlackElo "1653"]
[PlyCount "42"]
[EventDate "2016.??.??"]
[WhiteTeam "SF 1903 Berlin"]
[BlackTeam "SK König Tegel"]

1. e4 g6 2. d4 c6 3. Nc3 d5 4. e5 Bg7 5. Bf4 e6 6. Nf3 Ne7 7. Bd3 Nd7 8. Qe2 a6
9. a4 Qb6 10. a5 Qc7 11. O-O c5 12. dxc5 Nxc5 13. Rfc1 O-O 14. Qd2 Nc6 15. Re1
Nd7 16. Qe3 Qd8 17. Bg3 f6 18. exf6 Nxf6 19. Nd4 Nxd4 20. Qxd4 Qc7 21. Qh4 Qf7
1/2-1/2

[Event "Lichtenberger Sommer 2016"]
[Site "?"]
[Date "2016.08.19"]
[Round "7.60"]
[White "Christensen, Andreas"]
[Black "Bartoszewski-Reiski, Olaf"]
[Result "1/2-1/2"]
[WhiteElo "1773"]
[BlackElo "1574"]
[PlyCount "60"]
[EventDate "2016.??.??"]
[WhiteTeam "Hamburger SK"]
[BlackTeam "BKS Chemik Bydgoszcz"]

1. e4 c5 2. Nf3 e6 3. d4 cxd4 4. Nxd4 Nf6 5. Nc3 Bb4 6. f3 d5 7. Bb5+ Bd7 8.
O-O Bxc3 9. Bxd7+ Nbxd7 10. bxc3 Rc8 11. Kh1 O-O 12. Ba3 Re8 13. Rb1 b6 14. Nb5
Nc5 15. e5 Nh5 16. Nd6 Na4 17. Qe1 Rxc3 18. Bb4 Rxc2 19. Nxe8 Qxe8 20. Qh4 f6
21. Rbc1 Rxa2 22. Rc7 Nc5 23. Bxc5 bxc5 24. Rxc5 h6 25. g4 Nf4 26. exf6 Qf8 27.
Rfc1 g5 28. f7+ Kh7 29. Qe1 Nd3 30. Qxe6 Nxc5 1/2-1/2

[Event "Lichtenberger Sommer 2016"]
[Site "?"]
[Date "2016.08.19"]
[Round "7.61"]
[White "Kretzschmar, Jan"]
[Black "Junge, Wolfgang"]
[Result "0-1"]
[WhiteElo "1808"]
[BlackElo "1875"]
[PlyCount "104"]
[EventDate "2016.??.??"]
[WhiteTeam "SC Kreuzberg"]
[BlackTeam "SC Friesen Lichtenberg"]

1. d4 Nf6 2. Bg5 e6 3. e3 h6 4. Bh4 d5 5. Bd3 Be7 6. Nd2 Nbd7 7. Ngf3 O-O 8.
O-O c5 9. c4 cxd4 10. exd4 dxc4 11. Nxc4 b6 12. Nce5 Bb7 13. Qe2 Rc8 14. Rac1
Rc7 15. Nd2 Qc8 16. Nb3 Bd5 17. Ba6 Qb8 18. Bg3 Rxc1 19. Rxc1 Bd6 20. f3 Rd8
21. Nd2 Bxe5 22. dxe5 Nh5 23. Bf2 Nxe5 24. Be3 Ng6 25. g3 Bb7 26. Bb5 Rc8 27.
Nb3 Rxc1+ 28. Bxc1 Qd6 29. Be3 Nf6 30. Kf2 Ne7 31. Bf4 Qd8 32. Qe5 Ned5 33. Qd6
Qxd6 34. Bxd6 a6 35. Bd3 Ne8 36. Be5 f6 37. Bb8 Nb4 38. Bc4 Bd5 39. Nd2 Bxc4
40. Nxc4 b5 41. Nd6 Nxd6 42. Bxd6 Nd3+ 43. Ke2 Nxb2 44. f4 g5 45. Bc5 gxf4 46.
gxf4 Kf7 47. Kd2 Kg6 48. Kc2 Nc4 49. a4 Kf5 50. axb5 axb5 51. Bf8 h5 52. Bg7
Ne3+ 0-1

[Event "Lichtenberger Sommer 2016"]
[Site "?"]
[Date "2016.08.19"]
[Round "7.62"]
[White "Mayer, Herbert"]
[Black "Fock, Sana"]
[Result "1-0"]
[WhiteElo "1900"]
[BlackElo "1581"]
[PlyCount "87"]
[EventDate "2016.??.??"]
[WhiteTeam "SC Rochade (Berlin)"]
[BlackTeam "SK International Berlin"]

1. Nf3 d5 2. e3 Bg4 3. h3 Bh5 4. b3 e6 5. Bb2 Nf6 6. Nc3 Nbd7 7. Be2 c5 8. d3
a6 9. Qd2 b5 10. g4 Bg6 11. Nh4 Nb6 12. Nxg6 hxg6 13. f4 d4 14. Nd1 dxe3 15.
Nxe3 Nfd5 16. Ng2 Qc7 17. c4 Nb4 18. a3 Nc6 19. Qe3 O-O-O 20. cxb5 axb5 21. Rc1
Nd5 22. Qf3 c4 23. dxc4 bxc4 24. Rxc4 Kb7 25. O-O Qb6+ 26. Kh1 Rh7 27. Rfc1 Rc8
28. Ra4 Na5 29. Rxc8 Kxc8 30. Bd4 Qc7 31. Kh2 Bd6 32. Be5 Bxe5 33. fxe5 Qxe5+
34. Kg1 Nc3 35. Ba6+ Kd7 36. Qd3+ Ke7 37. Bc8 Qc5+ 38. Ne3 Rxh3 39. Qd7+ Kf6
40. Qd8+ Ke5 41. Rxa5 Kf4 42. Rxc5 Ne2+ 43. Kf2 Rh2+ 44. Ng2+ 1-0

[Event "Lichtenberger Sommer 2016"]
[Site "?"]
[Date "2016.08.19"]
[Round "7.63"]
[White "Willich, Manfred"]
[Black "Schacht, Thomas"]
[Result "1-0"]
[WhiteElo "1969"]
[BlackElo "1678"]
[PlyCount "81"]
[EventDate "2016.??.??"]
[WhiteTeam "SK Turm Bad Hersfeld"]
[BlackTeam "BSV 63 Chemie Weißensee"]

1. d4 d5 2. c4 dxc4 3. e3 e6 4. Bxc4 Nf6 5. Nf3 c5 6. O-O a6 7. a4 cxd4 8. exd4
Be7 9. Qe2 O-O 10. Nc3 Nc6 11. Rd1 Nb4 12. Ne5 Re8 13. Bb3 Qc7 14. Ne4 Nc6 15.
Nf3 Qb6 16. Bc2 Rd8 17. Be3 Nd5 18. Nc3 Nxe3 19. fxe3 Qc7 20. Rac1 e5 21. d5
Nb4 22. Bb1 f6 23. Nd2 Qb6 24. Nc4 Qa7 25. a5 Bc5 26. Ne4 Bf8 27. Nb6 Rb8 28.
Qh5 Be7 29. d6 g6 30. dxe7 Re8 31. Nxf6+ Kf7 32. Qxe5 Rxe7 33. Qf4 Bf5 34. Bxf5
Kxf6 35. Bb1+ Kg7 36. Qxb4 Rbe8 37. Qd4+ Kh6 38. e4 Qb8 39. Rc3 Qf4 40. Nd5 Qg4
41. Rh3+ 1-0

[Event "Lichtenberger Sommer 2016"]
[Site "?"]
[Date "2016.08.19"]
[Round "7.64"]
[White "Schilling, Florian"]
[Black "Korell, Klaus-Peter"]
[Result "0-1"]
[WhiteElo "1932"]
[BlackElo "1875"]
[PlyCount "86"]
[EventDate "2016.??.??"]
[WhiteTeam "vereinslos"]
[BlackTeam "SG TT/Wiheil (FV Schach)"]

1. f4 d5 2. b3 c5 3. Nf3 Nc6 4. Bb2 Bg4 5. d3 Bxf3 6. exf3 e6 7. Nc3 Nf6 8. Qd2
d4 9. Ne4 Nd5 10. a3 Ne3 11. Nf2 Bd6 12. g3 Bc7 13. c3 Qd5 14. Be2 Qxb3 15. Bd1
Qd5 16. h3 e5 17. Ng4 exf4 18. Nxe3 fxe3 19. Qg2 O-O-O 20. O-O Rd6 21. cxd4
cxd4 22. Rc1 Rg6 23. f4 Qxg2+ 24. Kxg2 Re8 25. Bf3 Ba5 26. Be2 Kb8 27. Rc4 Bb6
28. a4 Na5 29. Rb4 Rd6 30. Ba3 Bc5 31. Rb5 Bxa3 32. Rxa5 Rc8 33. Ra1 Rc2 34.
Kf3 Bb4 35. Rb5 a5 36. Re5 Rdc6 37. Re8+ Ka7 38. Rh8 h6 39. Re8 Rd2 40. Re4
Rcc2 41. Bd1 Rf2+ 42. Kg4 Rcd2 43. Bf3 h5+ 0-1

[Event "Lichtenberger Sommer 2016"]
[Site "?"]
[Date "2016.08.19"]
[Round "7.65"]
[White "Rollwitz, Jürgen"]
[Black "Rehmsmeier, Marc"]
[Result "0-1"]
[WhiteElo "1951"]
[BlackElo "1686"]
[PlyCount "100"]
[EventDate "2016.??.??"]
[WhiteTeam "SC Rochade (Berlin)"]
[BlackTeam "vereinslos"]

1. e4 e5 2. Bc4 Nf6 3. Nf3 Nc6 4. Ng5 d5 5. exd5 Na5 6. Bb5+ c6 7. dxc6 bxc6 8.
Be2 h6 9. Nh3 g5 10. d3 g4 11. Ng1 Qb6 12. Bd2 Bc5 13. Nc3 g3 14. Na4 gxf2+ 15.
Kf1 fxg1=Q+ 16. Rxg1 Bxg1 17. Nxb6 Bxb6 18. Bf3 Nd7 19. Qe1 Nb7 20. Bxc6 Bc7
21. Bb4 a5 22. Ba3 Ra6 23. Qe4 Nd8 24. Ba4 Bb7 25. Qf5 Re6 26. g3 Nc6 27. Bxc6
Rxc6 28. Qh5 Rf6+ 29. Ke2 Bf3+ 30. Qxf3 Rxf3 31. Kxf3 Nf6 32. Re1 Kd7 33. b3
Nd5 34. Ke2 Nc3+ 35. Kd2 Nb5 36. Bb2 f6 37. c3 Rg8 38. a4 Nd6 39. Kc2 Rg4 40.
Ba3 h5 41. Bxd6 Bxd6 42. Re4 f5 43. Rxg4 hxg4 44. Kd2 Bc5 45. Ke2 Kc6 46. Kf1
Ba3 47. Ke2 Bb2 48. Kd2 f4 49. b4 Bxc3+ 50. Kxc3 axb4+ 0-1

[Event "Lichtenberger Sommer 2016"]
[Site "?"]
[Date "2016.08.19"]
[Round "7.66"]
[White "Kling, Maximilian"]
[Black "Schilly, Hans-Joachim"]
[Result "1/2-1/2"]
[WhiteElo "1804"]
[BlackElo "1804"]
[PlyCount "84"]
[EventDate "2016.??.??"]
[WhiteTeam "SK Kriegshaber"]
[BlackTeam "SF Siemensstadt"]

1. e4 c6 2. d4 d5 3. e5 Bf5 4. h4 h5 5. Bd3 Bxd3 6. Qxd3 Qa5+ 7. Bd2 Qa6 8. Qb3
e6 9. Bb4 Ne7 10. Nf3 Nd7 11. Qd3 Qxd3 12. cxd3 g6 13. O-O Bh6 14. Bd2 Nf5 15.
Bxh6 Rxh6 16. Nbd2 Ke7 17. Rfc1 Rhh8 18. b4 Rhc8 19. Nb3 b6 20. Rc2 Rc7 21.
Rac1 Rac8 22. g3 Nb8 23. b5 Kd8 24. Ng5 Nh6 25. a4 cxb5 26. Rxc7 Rxc7 27. Rxc7
Kxc7 28. axb5 a6 29. bxa6 Nxa6 30. Kf1 Kc6 31. Ke2 Kb5 32. Kd2 Ka4 33. Kc3 Nb4
34. Nc1 Nc6 35. Ne2 b5 36. Kb2 b4 37. Ka2 Kb5 38. Kb3 Na5+ 39. Kb2 Ka4 40. Nc1
Nc6 41. Ne2 Ne7 42. Nc1 Nc6 1/2-1/2

[Event "Lichtenberger Sommer 2016"]
[Site "?"]
[Date "2016.08.19"]
[Round "7.67"]
[White "Stein, Siegfried"]
[Black "Milare, Tyron"]
[Result "0-1"]
[WhiteElo "1856"]
[BlackElo "1788"]
[PlyCount "72"]
[EventDate "2016.??.??"]
[WhiteTeam "SV Berolina Mitte"]
[BlackTeam "Potsdamer SV"]

1. Nf3 Nf6 2. b3 d5 3. Bb2 e6 4. e3 c5 5. c4 Nc6 6. cxd5 exd5 7. Bb5 Bd6 8.
Bxc6+ bxc6 9. O-O O-O 10. d4 Bg4 11. Nbd2 Ne4 12. Qc2 Bf5 13. Qd1 Re8 14. Ne5
Nxd2 15. Qxd2 Qc7 16. f4 f6 17. Nd3 Bxd3 18. Qxd3 Re4 19. Rac1 Rae8 20. Rf3 Qe7
21. h3 Rxe3 22. Rxe3 Qxe3+ 23. Qxe3 Rxe3 24. Kf2 Bxf4 25. Rxc5 Rd3 26. Rc2 Rd2+
27. Rxd2 Bxd2 28. Ke2 Ba5 29. Kd3 Kf7 30. g4 g5 31. Bc1 Kg6 32. Ke3 Bb6 33. Bb2
h5 34. Kf3 f5 35. gxf5+ Kxf5 36. b4 g4+ 0-1

[Event "Lichtenberger Sommer 2016"]
[Site "?"]
[Date "2016.08.19"]
[Round "7.68"]
[White "Kautz, Stefan"]
[Black "Schneider, Eckehard"]
[Result "0-1"]
[WhiteElo "1935"]
[BlackElo "1800"]
[PlyCount "94"]
[EventDate "2016.??.??"]
[WhiteTeam "SC Empor Maulwurf Bonn"]
[BlackTeam "SF 1903 Berlin"]

1. d4 Nf6 2. Bg5 e6 3. e3 c5 4. c3 d5 5. Bd3 Nbd7 6. Nf3 Be7 7. Nbd2 b6 8. O-O
Bb7 9. h3 O-O 10. Bf4 Ne4 11. Ne5 Nxe5 12. Bxe5 Bd6 13. Bxd6 Qxd6 14. Nxe4 dxe4
15. Be2 Rad8 16. dxc5 Qxc5 17. Qc2 f5 18. Rad1 Bd5 19. c4 Rc8 20. b3 b5 21. Rc1
Rc7 22. Qd2 bxc4 23. Bxc4 Rfc8 24. Rfd1 Kf8 25. Bxd5 Qxc1 26. Rxc1 Rxc1+ 27.
Kh2 exd5 28. Qxd5 R1c5 29. Qe6 R8c6 30. Qd7 Rc7 31. Qd6+ Kf7 32. b4 R5c6 33.
Qd5+ Kf6 34. a4 Rc4 35. a5 Rc3 36. b5 Rd3 37. Qa2 Rcc3 38. Qb2 Kg6 39. Qb4 Rb3
40. Qc5 Rb2 41. Qxa7 Rdd2 42. Qb8 Rxf2 43. Qg3+ Kf7 44. a6 Rfc2 45. a7 Ra2 46.
Qb8 Rxg2+ 47. Kh1 Rgc2 0-1

[Event "Lichtenberger Sommer 2016"]
[Site "?"]
[Date "2016.08.19"]
[Round "7.69"]
[White "Bonke, Hans-Jürgen"]
[Black "Weber, Gerald"]
[Result "1-0"]
[WhiteElo "1893"]
[BlackElo "1609"]
[PlyCount "97"]
[EventDate "2016.??.??"]
[WhiteTeam "SC Kreuzberg"]
[BlackTeam "SSV Rotation Berlin"]

1. d4 d5 2. Bf4 Nf6 3. e3 e6 4. Nd2 Bd6 5. Bg3 b6 6. Bd3 Bb7 7. c3 O-O 8. Qc2
Nbd7 9. Bh4 Be7 10. h3 c5 11. Bg3 h6 12. Ngf3 c4 13. Be2 b5 14. b3 Qb6 15. O-O
Bd6 16. Ne5 Qc7 17. f4 Be7 18. Kh2 Nxe5 19. fxe5 Ne4 20. Nxe4 dxe4 21. bxc4
bxc4 22. Qa4 Bd5 23. Rab1 Bg5 24. Bf4 Qe7 25. Bxc4 Rfc8 26. Bxd5 exd5 27. Rbc1
Rc4 28. Qb5 Qd8 29. Bxg5 hxg5 30. Qb7 Rc7 31. Qa6 Rb8 32. Rf2 Qd7 33. Qa3 Rc4
34. Rb2 Rbc8 35. Qa5 R8c6 36. Rb8+ Kh7 37. Rd8 Qe6 38. Rxd5 Ra6 39. Qb5 Qc6 40.
Qxc6 Rcxc6 41. Rd6 Rxd6 42. exd6 Rxd6 43. c4 f5 44. c5 Rd8 45. c6 f4 46. c7 Rc8
47. d5 fxe3 48. d6 e2 49. Re1 1-0

[Event "Lichtenberger Sommer 2016"]
[Site "?"]
[Date "2016.08.19"]
[Round "7.70"]
[White "Prütz, Sigurd"]
[Black "Pöcheim, Stephan"]
[Result "1/2-1/2"]
[WhiteElo "1724"]
[BlackElo "1716"]
[PlyCount "132"]
[EventDate "2016.??.??"]
[WhiteTeam "Königsjäger Süd-West"]
[BlackTeam "SF 1903 Berlin"]

1. e4 c5 2. Nf3 Nc6 3. Bb5 a6 4. Bxc6 bxc6 5. e5 e6 6. Nc3 Ne7 7. Ne4 Nf5 8. b3
d5 9. Ng3 Nh4 10. Nxh4 Qxh4 11. O-O Qd4 12. c3 Qxe5 13. Ba3 g6 14. Qc2 h5 15.
d4 cxd4 16. cxd4 Qc7 17. Bxf8 Kxf8 18. Qc5+ Kg7 19. Ne2 Bb7 20. f4 a5 21. Nc3
Ba6 22. Rf2 Rab8 23. Rc1 Rhc8 24. Rf3 Qd8 25. g3 Bb5 26. Re3 Qb6 27. Qxb6 Rxb6
28. Nxb5 Rxb5 29. Rec3 Rb6 30. Kf2 Kf6 31. Kf3 Ke7 32. Rc5 Ra6 33. h3 Kd7 34.
Ke3 Rb8 35. R1c3 Rb5 36. Kd3 Rxc5 37. dxc5 Ra8 38. a3 Ke7 39. Kd4 Kf6 40. Rf3
Ke7 41. Re3 Rb8 42. Ke5 f6+ 43. Kd4 Kf7 44. Rf3 Re8 45. Re3 Rg8 46. b4 axb4 47.
axb4 g5 48. Ra3 Kg6 49. Ra6 Rc8 50. Rb6 Kf5 51. b5 gxf4 52. Rxc6 e5+ 53. Kxd5
Rd8+ 54. Rd6 Rb8 55. Rb6 f3 56. Ra6 Rxb5 57. Ra2 Rxc5+ 58. Kxc5 Ke4 59. g4 hxg4
60. hxg4 Kf4 61. Kd5 Kxg4 62. Ke4 f5+ 63. Kxe5 Kg3 64. Ra3 Kg2 65. Kf4 f2 66.
Ra2 Kg1 1/2-1/2

[Event "Lichtenberger Sommer 2016"]
[Site "?"]
[Date "2016.08.19"]
[Round "7.71"]
[White "Schmidt, Fabian"]
[Black "Schwager, Thomas"]
[Result "1-0"]
[WhiteElo "1810"]
[BlackElo "1632"]
[PlyCount "59"]
[EventDate "2016.??.??"]
[WhiteTeam "Königsjäger Süd-West"]
[BlackTeam "SC Friesen Lichtenberg"]

1. e4 c5 2. Nf3 d6 3. d4 cxd4 4. Nxd4 Nf6 5. Nc3 a6 6. Be3 e6 7. f3 Be7 8. Qd2
O-O 9. O-O-O b5 10. g4 Qc7 11. g5 Nh5 12. Nce2 Bd7 13. Ng3 Nxg3 14. hxg3 Rc8
15. Bd3 Nc6 16. Qh2 h6 17. Nxc6 Qxc6 18. gxh6 g6 19. f4 Kh7 20. g4 f5 21. gxf5
exf5 22. exf5 Bxf5 23. Bxf5 gxf5 24. Bd4 Bf8 25. Rdg1 Rc7 26. Bc3 d5 27. Qg2
Bxh6 28. Rxh6+ Qxh6 29. Rh1 Rac8 30. Rxh6+ 1-0

[Event "Lichtenberger Sommer 2016"]
[Site "?"]
[Date "2016.08.19"]
[Round "7.72"]
[White "Lieder, Günter"]
[Black "Fiedler, Ronald"]
[Result "1/2-1/2"]
[WhiteElo "1866"]
[BlackElo "1700"]
[PlyCount "92"]
[EventDate "2016.??.??"]
[WhiteTeam "SK Turm Bad Hersfeld"]
[BlackTeam "Läufer Reinickendorf"]

1. c4 c5 2. Nc3 Nc6 3. g3 Nf6 4. Bg2 e6 5. Nf3 d5 6. cxd5 Nxd5 7. O-O Be7 8. d3
O-O 9. Ne4 Bd7 10. a3 Rc8 11. Rb1 Nd4 12. Nxd4 cxd4 13. Nd2 Bc6 14. Nf3 Bf6 15.
Bd2 Re8 16. Qe1 e5 17. Ba5 b6 18. Bd2 Ne7 19. Rc1 Ng6 20. h4 e4 21. dxe4 Bxe4
22. Rxc8 Qxc8 23. Qc1 Qd7 24. Bg5 Rc8 25. Qd1 Bxg5 26. Nxg5 Bxg2 27. Kxg2 Qc6+
28. Kh2 h6 29. Nf3 Rd8 30. Qd3 Qd6 31. Rd1 Qf6 32. Kg2 Ne7 33. e3 Nc6 34. Nxd4
g6 35. b4 Ne5 36. Qe2 h5 37. Rc1 Ng4 38. b5 Qe5 39. Qb2 Qe4+ 40. Kg1 Nxe3 41.
fxe3 Qxe3+ 42. Kg2 Qxd4 43. Qxd4 Rxd4 44. Rc7 Ra4 45. Rc3 Ra5 46. Rb3 a6
1/2-1/2

[Event "Lichtenberger Sommer 2016"]
[Site "?"]
[Date "2016.08.19"]
[Round "7.73"]
[White "Grassi, Fabrizio"]
[Black "Verbitsky, Jaroslaw"]
[Result "1-0"]
[WhiteElo "1839"]
[BlackElo "1551"]
[PlyCount "101"]
[EventDate "2016.??.??"]
[WhiteTeam "SV Berlin-Friedrichstadt"]
[BlackTeam "SV Mattnetz Berlin"]

1. d4 c6 2. Bf4 d5 3. e3 Bf5 4. c4 dxc4 5. Bxc4 e6 6. Nc3 Nd7 7. Nf3 Ngf6 8.
O-O Nb6 9. Bb3 Bd6 10. Ne5 Qc7 11. Rc1 a6 12. Qe2 Nfd7 13. Nxd7 Nxd7 14. Bxd6
Qxd6 15. e4 Bg6 16. d5 Nc5 17. e5 Qd7 18. dxe6 Nxe6 19. Rcd1 Qe7 20. f4 c5 21.
Nd5 Qh4 22. Qf2 Qxf2+ 23. Rxf2 Be4 24. f5 Bxd5 25. Bxd5 Nd8 26. Rc2 Rc8 27.
Rdc1 g6 28. f6 Kd7 29. Rxc5 Rxc5 30. Rxc5 Ne6 31. Bxe6+ Kxe6 32. Rc7 Rb8 33.
Re7+ Kd5 34. e6 fxe6 35. f7 Rf8 36. Rxb7 Kc6 37. Ra7 Kb6 38. Re7 Kb5 39. Kf2
Kc4 40. Ke3 Kd5 41. Kf4 h6 42. b3 e5+ 43. Ke3 Kd6 44. Ra7 Ke6 45. Ke4 Rc8 46.
a3 Kf6 47. Rxa6+ Kxf7 48. Kxe5 Rc5+ 49. Kf4 Rb5 50. b4 h5 51. h4 1-0

[Event "Lichtenberger Sommer 2016"]
[Site "?"]
[Date "2016.08.19"]
[Round "7.74"]
[White "Wolfram, Mike"]
[Black "Krusemark, Gerhard"]
[Result "1/2-1/2"]
[WhiteElo "1556"]
[BlackElo "1795"]
[PlyCount "69"]
[EventDate "2016.??.??"]
[WhiteTeam "Lok Pritzwalk"]
[BlackTeam "TSG Fredersdorf/Vogelsdorf"]

1. d4 e6 2. c4 b6 3. Nc3 Bb7 4. e4 Bb4 5. e5 d6 6. Qg4 g6 7. Bg5 Qd7 8. Rd1 h6
9. Qh4 Nc6 10. Nf3 Nce7 11. Bf6 Nxf6 12. Qxf6 Rh7 13. Be2 O-O-O 14. O-O Ng8 15.
Qf4 g5 16. Qe3 d5 17. cxd5 exd5 18. Bd3 Rg7 19. Rfe1 Re8 20. a3 Bf8 21. Rc1 Kb8
22. Qd2 Ne7 23. Qc2 Nc6 24. Qa4 Be7 25. Bb5 g4 26. Nd2 Bg5 27. Rc2 f6 28. Nc4
dxc4 29. d5 Rxe5 30. Rxe5 fxe5 31. dxc6 Qd4 32. cxb7 Bd2 33. Ba6 Rd7 34. Nb5
Qe4 35. g3 1/2-1/2

[Event "Lichtenberger Sommer 2016"]
[Site "?"]
[Date "2016.08.19"]
[Round "7.75"]
[White "Wolff, Marie Antoinette"]
[Black "Fischer, Josef"]
[Result "1-0"]
[WhiteElo "1770"]
[BlackElo "1386"]
[PlyCount "53"]
[EventDate "2016.??.??"]
[WhiteTeam "Leegebrucher SF"]
[BlackTeam "SK Kriegshaber"]

1. c4 e5 2. Nc3 Nf6 3. g3 Bb4 4. Bg2 O-O 5. Nf3 Nc6 6. O-O d6 7. d3 Bxc3 8.
bxc3 Rb8 9. Bg5 h6 10. Bxf6 Qxf6 11. Nd2 h5 12. Rb1 Bd7 13. Nf3 Bg4 14. Qd2
Bxf3 15. Bxf3 h4 16. Bg2 Nd8 17. d4 c6 18. Qd3 c5 19. Rfd1 Nc6 20. e3 Rfd8 21.
Qe4 hxg3 22. fxg3 Na5 23. Rf1 Qe6 24. d5 Qd7 25. Qh4 Kf8 26. Bh3 Qa4 27. Be6
1-0

[Event "Lichtenberger Sommer 2016"]
[Site "?"]
[Date "2016.08.19"]
[Round "7.76"]
[White "Glienke, Michael"]
[Black "Raasch, Hauke"]
[Result "1-0"]
[WhiteElo "1779"]
[BlackElo "1269"]
[PlyCount "81"]
[EventDate "2016.??.??"]
[WhiteTeam "SC Kreuzberg"]
[BlackTeam "SC Eintracht Berlin"]

1. d4 d5 2. Bf4 e6 3. c4 f5 4. Nc3 Nf6 5. e3 c6 6. h3 Bd6 7. Bxd6 Qxd6 8. Nf3
Nbd7 9. c5 Qe7 10. b4 a6 11. a4 O-O 12. Be2 Ne4 13. Qb3 Ndf6 14. Ne5 Nxc3 15.
Qxc3 Ne4 16. Qb2 Bd7 17. O-O Rab8 18. Rfc1 Rfc8 19. Rab1 Qd8 20. b5 Nf6 21.
bxa6 bxa6 22. Qd2 h6 23. Bxa6 Rc7 24. Rb6 Qe8 25. Rcb1 Ra8 26. a5 Kh7 27. Qb4
Bc8 28. Bxc8 Rcxc8 29. Qa4 Nd7 30. Rxc6 Nb8 31. Rbb6 Nxc6 32. Nxc6 Rab8 33. Qb5
Rxb6 34. axb6 Rb8 35. Na7 Qd8 36. Qc6 Qe7 37. Qc7 Qe8 38. b7 Kg6 39. Nc8 Rxb7
40. Qxb7 Kh5 41. Qxg7 1-0

[Event "Lichtenberger Sommer 2016"]
[Site "?"]
[Date "2016.08.19"]
[Round "7.77"]
[White "Seitz, Patrick"]
[Black "Baumgaertner, Andre"]
[Result "1-0"]
[WhiteElo "1745"]
[BlackElo "1724"]
[PlyCount "97"]
[EventDate "2016.??.??"]
[WhiteTeam "SR Heuberg-Gosheim"]
[BlackTeam "SC Friesen Lichtenberg"]

1. e4 e5 2. Nf3 Nc6 3. Bb5 a6 4. Ba4 Nf6 5. Nc3 d6 6. Bxc6+ bxc6 7. d4 exd4 8.
Nxd4 Bb7 9. O-O Be7 10. Nf5 g6 11. Nxe7 Qxe7 12. Qf3 Nd7 13. Bf4 Ne5 14. Bxe5
Qxe5 15. Rfe1 O-O 16. Qe3 Rfe8 17. f4 Qg7 18. Qf2 f6 19. Re3 Re7 20. f5 g5 21.
h4 h6 22. hxg5 hxg5 23. Ne2 c5 24. Ng3 Kf7 25. Rae1 Rh8 26. Qf3 Rh4 27. Nh5 Qh8
28. g4 Re5 29. R3e2 Ke7 30. c4 Bc6 31. Rh2 Rxh2 32. Kxh2 d5 33. cxd5 Bxd5 34.
Qd3 Qa8 35. Ng3 Kf7 36. Qc2 Bc6 37. Qc4+ Ke7 38. Kg2 Bb5 39. Qc2 Bc6 40. Kf3
Kf7 41. Rh1 Kg7 42. Nh5+ Kf7 43. Qc4+ Ke7 44. Ng3 Bb5 45. Rh7+ Kd6 46. Qf7 Qd8
47. Rh6 Kc6 48. Qxf6+ Kb7 49. Qxd8 1-0

[Event "Lichtenberger Sommer 2016"]
[Site "?"]
[Date "2016.08.19"]
[Round "7.78"]
[White "Kapp, Frank"]
[Black "Fock, Amina"]
[Result "1-0"]
[WhiteElo "1913"]
[BlackElo "1511"]
[PlyCount "111"]
[EventDate "2016.??.??"]
[WhiteTeam "TSV IFA Chemnitz"]
[BlackTeam "SK International Berlin"]

1. d4 d5 2. Bf4 Nf6 3. Nf3 e6 4. e3 Be7 5. c4 O-O 6. Nbd2 Nbd7 7. Rc1 c6 8. Bd3
Re8 9. O-O Nf8 10. h3 Bd6 11. Bxd6 Qxd6 12. Qb3 N8d7 13. Bb1 e5 14. dxe5 Nxe5
15. cxd5 Nxf3+ 16. Nxf3 Qxd5 17. Qxd5 Nxd5 18. e4 Nf6 19. Rfe1 Be6 20. Rcd1
Rad8 21. b3 h6 22. Nd4 Bd7 23. b4 Rc8 24. Nb3 b6 25. Rd6 Rc7 26. Red1 Kf8 27.
f3 Re6 28. R6d2 Re7 29. Bd3 Be6 30. Nd4 c5 31. Nxe6+ Rxe6 32. Bc4 Re8 33. Bb5
Rec8 34. e5 Nh5 35. Rd8+ Ke7 36. R8d7+ Rxd7 37. Rxd7+ Ke6 38. Rxa7 Kxe5 39.
Rxf7 cxb4 40. Re7+ Kd6 41. Rd7+ Kc5 42. Ba4 g5 43. Rd2 Rc7 44. Kf2 Nf4 45. g3
Ne6 46. Ke3 b5 47. Rc2+ Kb6 48. Rxc7 Nxc7 49. Bb3 Ne8 50. f4 gxf4+ 51. Kxf4 Nd6
52. g4 Kc5 53. h4 Kd4 54. h5 Ne4 55. Kf5 Nf2 56. g5 1-0

[Event "Lichtenberger Sommer 2016"]
[Site "?"]
[Date "2016.08.19"]
[Round "7.79"]
[White "Körner, Helmut"]
[Black "Möller, Dirk"]
[Result "1-0"]
[WhiteElo "1870"]
[BlackElo "1577"]
[PlyCount "93"]
[EventDate "2016.??.??"]
[WhiteTeam "SF Nordost Berlin"]
[BlackTeam "SC Kreuzberg"]

1. b4 e5 2. Bb2 Bxb4 3. Bxe5 Nf6 4. Nc3 Nc6 5. Bxf6 Qxf6 6. Nd5 Qe5 7. Nxb4
Nxb4 8. Rb1 Qe7 9. e3 d5 10. c3 Nc6 11. Nf3 a6 12. Bd3 b5 13. O-O Bg4 14. Be2
O-O 15. d4 Rad8 16. a4 Bxf3 17. Bxf3 b4 18. c4 Qd6 19. Bxd5 Ne7 20. Bf3 a5 21.
Qc2 f5 22. c5 Qf6 23. Qc4+ Kh8 24. Rfd1 c6 25. Rd2 Ng6 26. Rbd1 Nh4 27. Be2 Rd5
28. g3 Ng6 29. Bf1 Qg5 30. Bg2 f4 31. Bxd5 cxd5 32. Qe2 f3 33. Qf1 Qg4 34. Kh1
Rf5 35. h3 Rh5 36. Kh2 Qd7 37. Rc1 Qc7 38. c6 Nh4 39. Rc5 Ng2 40. Qa6 h6 41.
Qb7 Qd6 42. Qd7 Qg6 43. c7 Nh4 44. c8=Q+ Kh7 45. Qde8 Qb1 46. Qg8+ Kg6 47.
Qce6+ 1-0